| 000 | 00533nam a2200181Ia 4500 | ||
|---|---|---|---|
| 003 | GCL | ||
| 008 | 140319s9999 xx 000 0 ara d | ||
| 040 |
_aGCL / _cGCL |
||
| 082 | 0 | 4 |
_a843.03 _bد غ |
| 100 | 1 | _aكميل داغر | |
| 245 | 1 | 0 |
_aغير المرغوب فية / _cكميل داغر |
| 700 | 1 | _aدوبرية، ريجيس | |
| 300 | _a284 ص | ||
| 490 |
_aذاكرة الشعوب _v0 |
||
| 650 | 0 | 4 | _aالادب الفرنسى المترجم |
| 650 | 0 | 4 | _aالقصة الفرنسية المترجمة |
| 942 |
_2ddc _cBK |
||
| 999 |
_c40046 _d40046 |
||